000 00622nam a2200241 a 4500
001 nice12345678
003 IN_TiNIC
005 20260116012326.0
008 050524s1986 isla grp 000 0 eng
020 _a9694086
_c100
082 0 0 _a500.80297
_bSAU
100 _aSaud, Mahmmad
245 _aIslam and Evolution of Science
260 _aIslamabad
_bInternational Islamic University
_c1986
300 _a154p
500 _aincludes index and biblioraphy
505 2 _aBibliography, Index
650 _aIslam and Science
700 1 _aSaud, Mahmmad
902 _bSRS
942 _cBK
999 _c6565
_d6565